000 00233nam a22000857a 4500
008 161216b xxu||||| |||| 00| 0 eng d
100 _92091
_aChhabra.T.N.etal.
245 _aBusiness Studies-XI
260 _aNew Delhi
_bArya Publications
_c2015
999 _c4970
_d4970